Movies Quiz

Random Movies or Quote Quiz
Score 0/14 Timer 03:00
0 Plays Today
% Correct
I would have paid four.
97%
I had a really good time tonight.
92.1%
I'm just using him for sex.
89.9%
You just did.
89.8%
976-BABE
89.4%
I got it, Cinda*******rella!
87.2%
Not if you expect me to answer.
86.6%
% Correct
They never are dear.
86%
You're forgiven.
79.2%
There's a sofa in here for two!
79%
Ma?
77.8%
Done! Thank you. Now we can relax.
77.3%
I'm a sure thing.
70.8%
I like him so much.
52.5%
Remove Ads.
Support Sporcle.
Get the best of Sporcle when you Go Orange. This ad-free experience offers more features, more stats, and more fun while also helping to support Sporcle. Thank you for becoming a member.

You're not logged in!

Compare scores with friends on all Sporcle quizzes.
OR
Log In

Show Comments

Extras

Top Quizzes Today


Score Distribution

Your Account Isn't Verified!

In order to create a playlist on Sporcle, you need to verify the email address you used during registration. Go to your Sporcle Settings to finish the process.

Report this User

Report this user for behavior that violates our Community Guidelines.

Details: